MARC

LEADER 00000nam0a2200000 4500
001 278715
005 20231101235135.0
035 |a (RuTPU)RU\TPU\book\301993 
090 |a 278715 
100 |a 20141213d1986 km y0rusy50 ca 
101 0 |a rus 
102 |a RU 
105 |a a z 001zy 
200 0 |a Вып. 6: Системы автоматизации промышленных комплексов  |f под ред. А. В. Башарина , Б. Я. Советова 
210 |d 1986 
215 |a 224 с.  |c ил. 
320 |a Библиография в конце статей 
606 1 |a Автоматизация производства комплексная  |x Экономическая эффективность  |2 stltpush  |3 (RuTPU)RU\TPU\subj\609  |9 29484 
610 1 |a производственные комплексы 
610 1 |a производственные установки 
610 1 |a управление 
610 1 |a расчет 
610 1 |a АСУ 
610 1 |a автоматизированные системы управления 
610 1 |a построение 
610 1 |a технические системы 
610 1 |a функционирование 
610 1 |a надежность 
610 1 |a прогнозирование 
675 |a 658.52.011.56  |v 3 
702 1 |a Башарин  |b А. В.  |4 340 
702 1 |a Советов  |b Б. Я.  |4 340 
801 1 |a RU  |b 63413507  |c 20141213 
801 2 |a RU  |b 63413507  |c 20170412  |g RCR 
942 |c BK